Vận dụng tư tưởng Hồ Chí Minh về về tình yêu thương con người vào việc giáo dục đạo đức cho học sinh THPT trên địa bàn thành phố Đà Nẵng hiện nay

Nguồn gốc và nội dung tư tưởng Hồ Chí Minh về yêu thương con người. Khái quát thực trạng về công tác giáo dục tình yêu thương con người từ đó đề xuất một số biện pháp để nâng cao chất lượng giáo dục tình yêu thương con người cho học sinh THPT trên địa bàn Thành phố Đà Nẵng hiện nay....

Cijeli opis

Spremljeno u:
Bibliografski detalji
Glavni autor: Lê Thị Hải Lý (Tác giả)
Daljnji autori: Lê Minh Thọ Th.S (Hướng dẫn)
Format: Knjiga
Jezik:Vietnamese
Izdano: Đà Nẵng Đại học Sư phạm, Đại học Đà Nẵng 2012
Teme:
Oznake: Dodaj oznaku
Bez oznaka, Budi prvi tko označuje ovaj zapis!
Thư viện lưu trữ: Mạng thư viện Đại học Đà Nẵng
LEADER 01899nam a2200349 4500
001 000016734
003 13138
005 20121225141202.0
008 121220s2012 viesd
041 0 |a vie 
082 |a 335.4346  |b LÊ-L 
100 0 |a Lê Thị Hải Lý  |e Tác giả 
245 0 |a Vận dụng tư tưởng Hồ Chí Minh về về tình yêu thương con người vào việc giáo dục đạo đức cho học sinh THPT trên địa bàn thành phố Đà Nẵng hiện nay  |c Lê Thị Hải Lý 
260 |a Đà Nẵng  |b Đại học Sư phạm, Đại học Đà Nẵng  |c 2012 
300 |a 80 tr.  |c 29 cm.  |e Đĩa CD 
500 |a Khóa luận tốt nghiệp đại học. Chuyên ngành: Sư phạm Giáo dục chính trị 
504 |a Mục lục đầu trang, phụ lục, tài liệu tham khảo [10 tr.] 
520 |a Nguồn gốc và nội dung tư tưởng Hồ Chí Minh về yêu thương con người. Khái quát thực trạng về công tác giáo dục tình yêu thương con người từ đó đề xuất một số biện pháp để nâng cao chất lượng giáo dục tình yêu thương con người cho học sinh THPT trên địa bàn Thành phố Đà Nẵng hiện nay. 
650 |a Khóa luận tốt nghiệp đại học 
650 |a Giáo dục chính trị 
653 |a Khoa Giáo dục chính trị 
700 |a Lê Minh Thọ  |c Th.S  |e Hướng dẫn 
OWN |a LSP 
AVA |a UDN50  |b LSP  |d 335.4346 LÊ-L  |e available  |t Error 5001 Not defined in file expand_doc_bib_avail.  |f 1  |g 0  |h N  |i 0  |k 1 
999 |a From the UDN01 
AVA |a UDN50  |b LSP  |d 335.4346 LÊ-L  |e available  |t Error 5001 Not defined in file expand_doc_bib_avail.  |f 1  |g 0  |h N  |i 0  |k 1 
TYP |a Monograph 
TYP |a Printed language 
980 |a Mạng thư viện Đại học Đà Nẵng